| 000 | 00332 a2200133 4500 | ||
|---|---|---|---|
| 005 | 20250625123255.0 | ||
| 020 | _a0-07-243303-5 | ||
| 082 | _a155 HUM | ||
| 245 | _aHuman Development | ||
| 260 |
_aConnecticut _bMcGraw-Hill _c2001. |
||
| 300 |
_ax,213p. : ill. ; pictures _bIndex _c27cm |
||
| 700 | _aKaren L. Freiberg | ||
| 942 |
_2ddc _cBKS |
||
| 999 |
_c5048 _d5048 |
||